000 00241 a2200109 4500
999 _c325903
_d325903
001 90830
003 NUST
082 _a297.4 ZAK
100 _aDr Zaakir Naik
_99627
245 _aHaqiqat e Islam
_cDr Zaakir Naik
300 _a159p
942 _aCAE NUST
_cBK
_k297.4 ZAK
_2ddc